Jerusalem City Trivia - Statistics

General Stats
  • This quiz has been taken 666 times
  • The average score is 12 of 21
Answer Stats
Clue Answer % Correct
Jerusalem is considered the third-holiest in Islam after these two cities (name either) Mecca | Medina
89%
Biblical king who built the First Temple King Solomon
81%
Medieval Christian attempts to capture Jerusalem Crusades
79%
Prophet who attempted to sacrifice his son Isaac on Temple Mount Abraham
77%
Most common nickname of Jerusalem The {Holy} City
77%
Holiest site to the Jewish people Western Wall
77%
Closest world capital to Jerusalem Amman
76%
Islamic shrine located on the Temple Mount Dome of the Rock
69%
Empire that rebuilt the city walls for a last time around Jerusalem in 1538 Ottoman Empire
69%
Busiest airport of Jerusalem (named for an Israeli Prime Minister) Ben-Gurion
63%
Smallest of the four quarters of Jerusalem Armenian
59%
Name of the Parliament of Israel Knesset
58%
Jerusalem hill whose name is synonymous with Israel Zion
58%
Empire that destroyed the First Temple in 586 BCE Babylon
55%
Animal that is the symbol of the city, dating back to biblical days Lion
46%
Where Jesus was crucified, according to the canonical Gospels Calvary
42%
King who built the Second Temple Herod the Great
35%
Mountain ridge on which the most important Jewish cemetery is located Mount of Olives
35%
Israel's official memorial to the victims of the Holocaust Yad Vashem
31%
Arabic name of Jerusalem Al-Quds
28%
First inhabitants of Jerusalem, according to the Bible Jebusites
7%
No matching quizzes found
Score Distribution
Percent of People with Each Score
Percentile by Number Answered
Your Score History
You have not taken this quiz